000 00663nam a2200205Ia 4500
003 GCL
008 140319s9999 xx 000 0 ara d
040 _aGCL /
_cGCL
082 0 4 _a953.082
_bع م
100 1 _aعبدالعزيز عبدالله الخويطر
245 1 0 _aالملك الظاهر بيبرس /
_cعبدالعزيز عبدالله الخويطر
260 _a[S.N] :
_bدار الكتاب الجامعى ،
_c1976
300 _a168 ص
490 _a
650 0 4 _aدولة المماليك
650 0 4 _aالتاريخ الاسلامى
650 0 4 _aالدولة الايوبية
650 0 4 _aالظاهر بيبرس
942 _2ddc
_cBK
999 _c35625
_d35625